Информационно-коммуникативная природа текста: к постановке вопроса; Известия Томского политехнического университета [Известия ТПУ]; Т. 316, № 6: Экономика. Философия, социология и культурология

Xehetasun bibliografikoak
Parent link:Известия Томского политехнического университета [Известия ТПУ]/ Томский политехнический университет (ТПУ).— , 2000-
Т. 316, № 6: Экономика. Философия, социология и культурология.— 2010.— [С. 216-219]
Egile nagusia: Конюхова Т. В. Татьяна Васильевна
Beste egile batzuk: Арляпова Е. В. Елена Викторовна
Gaia:Заглавие с титульного листа
Электронная версия печатной публикации
Рассматривается информационно-коммуникативная природа текста, трансляция его смысла в дискурсе. Анализируются подходы к трактовке дискурса различными школами и направлениями. Показана сущность автокоммуникации и коммуникации с "Другим", которая влияет на распредмечивание смысла текста и приращение знания. Раскрываются функции текста по Ю. М. Лотману.
Hizkuntza:errusiera
Argitaratua: 2010
Saila:Философия, социология и культурология
Gaiak:
Sarrera elektronikoa:http://www.lib.tpu.ru/fulltext/v/Bulletin_TPU/2010/v316/i6/47.pdf
Formatua: Baliabide elektronikoa Liburu kapitulua
KOHA link:https://koha.lib.tpu.ru/cgi-bin/koha/opac-detail.pl?biblionumber=187799

MARC

LEADER 00000nla2a2200000 4500
001 187799
005 20240221101119.0
035 |a (RuTPU)RU\TPU\book\203779 
035 |a RU\TPU\book\203778 
090 |a 187799 
100 |a 20101120d2010 k y0rusy50 ca 
101 0 |a rus 
102 |a RU 
135 |a drnn ---uucaa 
181 0 |a i  
182 0 |a b 
200 1 |a Информационно-коммуникативная природа текста: к постановке вопроса  |f Т. В. Конюхова, Е. В. Арляпова 
203 |a Текст  |c электронный 
215 |a 1 файл (54 Кб) 
225 1 |a Философия, социология и культурология 
300 |a Заглавие с титульного листа 
300 |a Электронная версия печатной публикации 
320 |a [Библиогр.: с. 219 (26 назв.)] 
330 |a Рассматривается информационно-коммуникативная природа текста, трансляция его смысла в дискурсе. Анализируются подходы к трактовке дискурса различными школами и направлениями. Показана сущность автокоммуникации и коммуникации с "Другим", которая влияет на распредмечивание смысла текста и приращение знания. Раскрываются функции текста по Ю. М. Лотману. 
337 |a Adobe Reader 
461 1 |0 (RuTPU)RU\TPU\book\176237  |t Известия Томского политехнического университета [Известия ТПУ]  |f Томский политехнический университет (ТПУ)  |d 2000- 
463 1 |0 (RuTPU)RU\TPU\book\203561  |x 1684-8519  |t Т. 316, № 6: Экономика. Философия, социология и культурология  |v [С. 216-219]  |d 2010  |p 243 с. 
600 1 |a Лотман  |b Ю. М.  |c российский литературовед, культуролог  |f 1922-1993  |g Юрий Михайлович  |2 stltpush  |3 (RuTPU)RU\TPU\pers\275  |9 137 
610 1 |a текст 
610 1 |a прочтение 
610 1 |a смысл 
610 1 |a коммуникация 
610 1 |a автокоммуникация 
610 1 |a дискурс 
610 1 |a семиосфера 
610 1 |a труды учёных ТПУ 
610 1 |a электронный ресурс 
700 1 |a Конюхова  |b Т. В.  |c философ  |c доцент Томского политехнического университета, кандидат философских наук  |f 1980-  |g Татьяна Васильевна  |3 (RuTPU)RU\TPU\pers\25558  |9 11488 
701 1 |a Арляпова  |b Е. В.  |c специалист в области социальных коммуникаций  |c доцент Томского политехнического университета, кандидат философских наук  |f 1971-  |g Елена Викторовна  |3 (RuTPU)RU\TPU\pers\24727  |4 070 
801 1 |a RU  |b 63413507  |c 20090623  |g PSBO 
801 2 |a RU  |b 63413507  |c 20211222  |g PSBO 
856 4 |u http://www.lib.tpu.ru/fulltext/v/Bulletin_TPU/2010/v316/i6/47.pdf 
942 |c CF